Los capitales extranjeros en las economías latinoamericanas / (Registro nro. 11590)
[ vista simple ]
| 000 -LEADER | |
|---|---|
| fixed length control field | 01726nam a2200301Ia 4500 |
| 003 - CONTROL NUMBER IDENTIFIER | |
| control field | OSt |
| 005 - DATE AND TIME OF LATEST TRANSACTION | |
| control field | 20210429151733.0 |
| 008 - FIXED-LENGTH DATA ELEMENTS--GENERAL INFORMATION | |
| fixed length control field | 210310s194 ck ad gr 000 0 spa d |
| 020 ## - INTERNATIONAL STANDARD BOOK NUMBER | |
| International Standard Book Number | 9586015025 |
| 040 ## - CATALOGING SOURCE | |
| Original cataloging agency | CO-JMCR |
| Transcribing agency | CO-JMCR |
| 041 0# - LANGUAGE CODE | |
| Language code of text/sound track or separate title | spa |
| 082 04 - DEWEY DECIMAL CLASSIFICATION NUMBER | |
| Classification number | 332.673 / |
| Item number | O151c |
| Edition number | 23 |
| 100 1# - MAIN ENTRY--PERSONAL NAME | |
| Personal name | Ocampo, José Antonio, |
| Relator term | editor |
| 9 (RLIN) | 6129 |
| 245 14 - TITLE STATEMENT | |
| Title | Los capitales extranjeros en las economías latinoamericanas / |
| Statement of responsibility, etc. | José Antonio Ocampo ; autores, Manuel R. Agosín, Felipe Barrera, Mauricio Cárdenas, Mario Damill, [y otros 6] |
| 250 ## - EDITION STATEMENT | |
| Edition statement | Primera edición |
| 260 ## - PUBLICATION, DISTRIBUTION, ETC. | |
| Place of publication, distribution, etc. | Bogotá : |
| Name of publisher, distributor, etc. | Banco Interamericano de Desarrollo, |
| Date of publication, distribution, etc. | 1994 |
| 300 ## - PHYSICAL DESCRIPTION | |
| Extent | x, 260 páginas : |
| Other physical details | gráficos a blanco y negro ; |
| Dimensions | 23 cm |
| 500 ## - GENERAL NOTE | |
| General note | Notas al pie del texto. |
| 504 ## - BIBLIOGRAPHY, ETC. NOTE | |
| Bibliography, etc. note | Bibliografía al final de cada capítulo. |
| 505 ## - FORMATTED CONTENTS NOTE | |
| Title | Los capitales extranjeros en las economías latinoamericanas. / |
| Statement of responsibility | José Antonio Ocampo ; |
| -- | Roberto Steiner. -- |
| Title | Los capitales extranjeros en las economías latinoamericanas: Argentina. / |
| Statement of responsibility | José María Fanelli ; |
| -- | Mario Damil. -- |
| Title | Los capitales extranjeros en las economías latinoamericanas: Chile. / |
| Statement of responsibility | Manuel R. Agosín ; |
| -- | J. Rodrigo Fuentes ; |
| -- | Leonardo Letelier. -- |
| Title | Efectos macroeconómicos de los capitales extranjeros: el caso Colombia. / |
| Statement of responsibility | Mauricio Cárdenas ; |
| -- | Felipe Barrera O. -- |
| Title | Mercados financieros y flujos de capital en México. / |
| Statement of responsibility | Jaime Ros. |
| 650 14 - SUBJECT ADDED ENTRY--TOPICAL TERM | |
| Topical term or geographic name entry element | Inversiones extranjeras |
| 9 (RLIN) | 25926 |
| 650 24 - SUBJECT ADDED ENTRY--TOPICAL TERM | |
| Topical term or geographic name entry element | América Latina Movimiento de capitales |
| Geographic subdivision | América Latina |
| 9 (RLIN) | 37252 |
| 700 1# - ADDED ENTRY--PERSONAL NAME | |
| Personal name | Agosín, Manuel R., |
| Relator term | autor |
| 9 (RLIN) | 37253 |
| 700 1# - ADDED ENTRY--PERSONAL NAME | |
| Personal name | Barrera, Felipe, |
| Relator term | autor |
| 9 (RLIN) | 37254 |
| 700 1# - ADDED ENTRY--PERSONAL NAME | |
| Personal name | Cárdenas, Mauricio, |
| Relator term | autor |
| 9 (RLIN) | 16662 |
| 700 1# - ADDED ENTRY--PERSONAL NAME | |
| Personal name | Damill, Mario, |
| Relator term | autor |
| 9 (RLIN) | 37255 |
| 942 ## - ADDED ENTRY ELEMENTS (KOHA) | |
| Source of classification or shelving scheme | Dewey Decimal Classification |
| Koha item type | Books |
| Withdrawn status | Lost status | Source of classification or shelving scheme | Damaged status | Not for loan | Home library | Current library | Shelving location | Date acquired | Source of acquisition | Total Checkouts | Full call number | Barcode | Date last seen | Date last checked out | Copy number | Price effective from | Koha item type |
|---|---|---|---|---|---|---|---|---|---|---|---|---|---|---|---|---|---|
| Dewey Decimal Classification | Biblioteca Pública José María del Castillo y Rada | Biblioteca Pública José María del Castillo y Rada | General Stacks | 04/15/2018 | Donación | 1 | 332.673 / O151c | 430003280 | 05/16/2024 | 01/26/2024 | Ej.1 | 03/10/2021 | Books |